| 000 | 00587nam a2200193 i 4500 | ||
|---|---|---|---|
| 001 | 134797 | ||
| 003 | ES-MaACL | ||
| 005 | 20230906194739.0 | ||
| 007 | t| | ||
| 008 | 070628s1968 sp ||||1| spa d | ||
| 080 | _a261.8 | ||
| 100 | 1 |
_aThils, Gustave. _9109967 |
|
| 245 | 1 | 3 |
_aLa Iglesia y las iglesias _b: nuevas perspectivas de ecumenismo / _cGustave Thils ; [versión de José Vila Selma]. |
| 260 |
_aMadrid : _bPalabra, _c1968. |
||
| 300 |
_a202 p. ; _c20 cm. |
||
| 650 | 1 | 4 |
_aEcumenismo. _912045 |
| 700 | 1 |
_aVila Selma, José. _9114738 |
|
| 852 |
_aES-MaACL _jC-48564 _bR.68721 |
||
| 999 |
_c134797 _d134797 |
||